| LEADER |
01155nam0a2200229 450 |
| 001 |
16846867 |
| 010 |
|
|
|a 979-10-411-1104-6
|b br.
|d 7,95
|
| 100 |
|
|
|a 20250723d2025 u u0frey01 ba
|
| 101 |
0 |
|
|a fre
|
| 102 |
|
|
|a FR
|
| 200 |
0 |
|
|a Lord of the fans
|e dans l'oeil du Roi démon
|
| 207 |
|
1 |
|a
|
| 210 |
|
|
|a Charnay-lès-Mâcon
|c Bamboo édition
|d 2025
|
| 215 |
|
|
|a 1 vol. (160 p.)
|d 19 cm
|
| 225 |
1 |
|
|a Doki-doki
|
| 330 |
|
|
|a Même les pires terreurs ont un petit coeur ! Complètement absorbé par l'entraînement d'Ellie, Reynolds se fait voler le trône par son demi-frère Basel. Qui est désormais le Roi démon légitime ?A cette question, seule une véritable héroïne peut répondre ! Et cette héroïne, c'est notre Ellie !Mais l'apparition d'une fiancée à la jalousie malsaine va venir chambouler les sentiments d'Ellie...Serait-ce la naissance d'un véritable amour ?
|
| 461 |
|
0 |
|t Lord of the fans
|v 4
|
| 700 |
|
0 |
|a Fukushima
|b Masayasu
|4 70
|
| 702 |
|
0 |
|a Noda
|b Hiroshi
|4 70
|
| 900 |
|
|
|a Bande Dessinée enfant ado
|
| 901 |
|
|
|a Accessible au prêt
|
| 995 |
|
|
|a Bibliothèque
|c Bibliothèque
|f 024025654
|h 024025654
|k BDJ NOD
|o p
|q j
|r az
|e Bibliothèque
|